Spongebob Squarepants Quiz Stats

 Plays Quiz not verified by Sporcle

Support Sporcle.
Go Orange.
Score 0/9 Timer 07:00
0 Plays Today
Creature Name % Correct
SquirrelSandy
95.6%
SnailGary
95%
SquidSquidward
94.9%
SpongeSpongebob Squarepants
91.1%
CrabMr. Krabs
89.3%
PufferfishMrs. Puff
89.2%
WhalePearl
88.6%
StarfishPatrick Star
87.1%
LobsterLarry
87%

You're not logged in!

Compare scores with friends on all Sporcle quizzes.
OR
Log In

From the Vault

Song Title Overlaps VI

by ghcgh

There are a finite number of valid words, so some overlap is bound to happen.
Remove Ads.
Support Sporcle.
Get the best of Sporcle when you Go Orange. This ad-free experience offers more features, more stats, and more fun while also helping to support Sporcle. Thank you for becoming a member.

Show Comments

Extras

Top Quizzes Today


Score Distribution

Your Account Isn't Verified!

In order to create a playlist on Sporcle, you need to verify the email address you used during registration. Go to your Sporcle Settings to finish the process.

Report this User

Report this user for behavior that violates our Community Guidelines.

Details: